000
00314nam a2200109Ia 4500
008
171211s9999 xx 000 0 und d
245
_a
Mumbai - An International Financial Centre
245
_c
Ministry of Finance
260
_c
2007
650
_x
BUSINESS
856
_u
http://down.ebook777.com/062/9780761936305.pdf
999
_c
349516
_d
349516